000 00423nam a2200157Ia 4500
008 140306s9999 xx 000 0 und d
041 _aeng
082 _a338.9
_bSIN/ST
100 _aSinha, R K
245 _aStudies in Indian planning andeconomic policy
260 _aNew Delhi
_bDeep and Deep Publication
_c1984
300 _a472
365 _bRs.225
650 _aEconomic planning - development
942 _2ddc
_cBK
999 _c180315
_d180315